[Event "VII Weekend A"]
[Site "Chioggia"]
[Date "2012.10.13"]
[Round "3"]
[White "Rostolis, Riccardo"]
[Black "Gallo, Enrico"]
[Result "0-1"]
[WhiteElo "1899"]
[BlackElo "2099"]
[PlyCount "90"]
[EventDate "2012.10.12"]
[EventType "swiss"]
[EventRounds "5"]
[EventCountry "ITA"]
[SourceDate "2005.09.12"]

1. e4 e6 2. d4 d5 3. Nc3 Bb4 4. e5 c5 5. a3 Bxc3+ 6. bxc3 Ne7 7. Nf3 Qa5 8. Bd2
Nbc6 9. Bd3 c4 10. Be2 Bd7 11. O-O Qc7 12. Nh4 O-O-O 13. f4 Ng6 14. Nf3 f6 15.
Qb1 Rdf8 16. a4 fxe5 17. fxe5 Nf4 18. Bxf4 Rxf4 19. Ng5 Rhf8 20. Rxf4 Rxf4 21.
Qc1 Rf8 22. Nxh7 Rh8 23. Ng5 Nd8 24. Nf3 Be8 25. Qa3 Bh5 26. Rb1 Nf7 27. Rb5
Kb8 28. Qb4 Nd8 29. Rc5 Nc6 30. Qb2 a6 31. a5 Ka8 32. Qb1 Qd8 33. Qb6 Qxb6 34.
axb6 Kb8 35. h3 Kc8 36. Kf2 Kd7 37. Ke3 Ra8 38. g4 Be8 39. g5 Ke7 40. Nh4 a5
41. Kd2 Ra6 42. Ng2 Rxb6 43. Nf4 Rb1 44. Bxc4 dxc4 45. Rxc4 b5 0-1

[Event "VII Weekend A"]
[Site "Chioggia"]
[Date "2012.10.13"]
[Round "3"]
[White "Sanchez, Joseph"]
[Black "Ceschia, Ivano"]
[Result "1-0"]
[WhiteElo "2544"]
[BlackElo "2282"]
[PlyCount "41"]
[EventDate "2012.10.12"]
[EventType "swiss"]
[EventRounds "5"]
[EventCountry "ITA"]
[SourceDate "2005.09.12"]

1. e4 c5 2. Nf3 d6 3. d4 cxd4 4. Nxd4 Nf6 5. Nc3 Nc6 6. Bg5 Bd7 7. Qd2 Rc8 8.
Nxc6 Bxc6 9. f3 e6 10. Ne2 h6 11. Be3 d5 12. e5 Nd7 13. f4 Nc5 14. O-O-O Ne4
15. Qe1 Ba4 16. Nd4 Bc5 17. Bd3 Qb6 18. Bxe4 dxe4 19. b3 O-O 20. Kb2 Bb4 21.
Qg3 {<n.u.r.; 23N>} 1-0

[Event "VII Weekend A"]
[Site "Chioggia"]
[Date "2012.10.13"]
[Round "3"]
[White "Zamengo, Fulvio"]
[Black "Pomaro, Alberto"]
[Result "1-0"]
[WhiteElo "2058"]
[BlackElo "2407"]
[PlyCount "133"]
[EventDate "2012.10.12"]
[EventType "swiss"]
[EventRounds "5"]
[EventCountry "ITA"]
[SourceDate "2005.09.12"]

1. e4 e6 2. d4 d5 3. Nd2 Nc6 4. c3 e5 5. dxe5 Nxe5 6. Ngf3 Qe7 7. Be2 Nf6 8.
Nxe5 Qxe5 9. exd5 Bg4 10. Kf1 Bd7 11. Nf3 Qxd5 12. Qxd5 Nxd5 13. Bc4 Nb6 14.
Bb3 Bc5 15. Be3 Bxe3 16. fxe3 a5 17. Kf2 a4 18. Bc2 O-O 19. b3 Ra5 20. b4 Raa8
21. Rad1 Bc6 22. Ne5 Bb5 23. Bd3 Rfe8 24. Nf3 Bd7 25. c4 Be6 26. c5 Nd5 27. a3
Nf6 28. h3 Bd5 29. Rd2 Re7 30. Re1 Rae8 31. Bc2 Bb3 32. Bb1 Nd5 33. Bc2 Bxc2
34. Rxc2 Nxe3 35. Rc3 Nd5 36. Rxe7 Rxe7 37. Rd3 c6 38. b5 Re4 39. bxc6 bxc6 40.
Nd4 Ne7 41. Nf3 Nd5 42. Nd4 Ne7 43. Nc2 f6 44. Nb4 Rc4 45. Rd7 Kf8 46. Ra7 Rxc5
47. Rxa4 Kf7 48. Ra7 Ke6 49. a4 Rf5+ 50. Kg3 c5 51. Nd3 g5 52. Nb2 Rd5 53. a5
Nf5+ 54. Kh2 Rd7 55. Ra6+ Rd6 56. Ra7 Rd7 57. Ra8 Nd6 58. Na4 Rc7 59. a6 c4 60.
Nc3 Kd7 61. Kg3 Kc6 62. a7 h5 63. Kf3 Nc8 64. Nb5 g4+ 65. hxg4 hxg4+ 66. Kf2 c3
67. Nxc7 1-0

[Event "VII Weekend A"]
[Site "Chioggia"]
[Date "2012.10.14"]
[Round "4"]
[White "Aleksic, Nenad"]
[Black "Luciani, Valerio"]
[Result "1/2-1/2"]
[WhiteElo "2337"]
[BlackElo "2206"]
[PlyCount "70"]
[EventDate "2012.10.12"]
[EventType "swiss"]
[EventRounds "5"]
[EventCountry "ITA"]
[SourceDate "2005.09.12"]

1. e4 e6 2. d4 d5 3. Nc3 Bb4 4. e5 c5 5. Qg4 Ne7 6. Nf3 Nbc6 7. Bb5 Bd7 8. Bxc6
bxc6 9. O-O Ng6 10. dxc5 Bxc5 11. h4 h5 12. Qg3 Be7 13. Ng5 Qb6 14. Rd1 Qb4 15.
f4 Bc5+ 16. Kh2 Ne7 17. a3 Qb8 18. Qe1 Nf5 19. Na4 Be7 20. Be3 Qb5 21. b3 c5
22. Bf2 O-O 23. Nc3 Qc6 24. Qe2 g6 25. Qd2 Bc8 26. Ne2 Bb7 27. Nf3 Rfd8 28. Ng3
Nxh4 29. Nxh4 Bxh4 30. Nf5 exf5 31. Bxh4 Rd7 32. Qf2 d4 33. Rd2 a5 34. a4 Ba6
35. Rad1 Rb8 1/2-1/2

[Event "VII Weekend A"]
[Site "Chioggia"]
[Date "2012.10.14"]
[Round "4"]
[White "Boschesi, Giovanni"]
[Black "Rostolis, Riccardo"]
[Result "1-0"]
[WhiteElo "1611"]
[BlackElo "1899"]
[PlyCount "66"]
[EventDate "2012.10.12"]
[EventType "swiss"]
[EventRounds "5"]
[EventCountry "ITA"]
[SourceDate "2005.09.12"]

1. e4 c5 2. d4 cxd4 3. c3 Nf6 4. e5 Nd5 5. Qxd4 e6 6. Nf3 Nc6 7. Qd1 d6 8. Bb5
Nc7 9. Bxc6+ bxc6 10. O-O d5 11. Qa4 Bd7 12. Na3 c5 13. Qg4 Rb8 14. Bg5 Qc8 15.
b3 Nb5 16. Nxb5 Bxb5 17. c4 Ba6 18. Rfd1 d4 19. Rd3 Bb7 20. Re1 Qc6 21. Nd2 h6
22. Rh3 Ba8 23. Ne4 Rc8 24. Bh4 Rc7 25. Rf3 Rd7 26. Bg3 Bb7 27. Nd6+ Bxd6 28.
exd6 Rxd6 29. Bxd6 Qxd6 30. Qxg7 Rf8 31. Rg3 Qa6 32. Qxh6 Qxa2 33. Qh5 Qa6 {<n.
u.r.; 36N>} 1-0

[Event "VII Weekend A"]
[Site "Chioggia"]
[Date "2012.10.14"]
[Round "4"]
[White "Boscolo, Marco B"]
[Black "Lantschner, Carmen"]
[Result "1-0"]
[WhiteElo "1809"]
[BlackElo "1665"]
[PlyCount "53"]
[EventDate "2012.10.12"]
[EventType "swiss"]
[EventRounds "5"]
[EventCountry "ITA"]
[SourceDate "2005.09.12"]

1. d4 d6 2. Nc3 Nf6 3. e4 g6 4. Be2 Bg7 5. h4 h5 6. Bg5 a6 7. Qd2 b5 8. f3 Nc6
9. Nh3 e5 10. dxe5 Nxe5 11. O-O-O Be6 12. Nf4 Qc8 13. Nxe6 fxe6 14. Rdg1 Nf7
15. Be3 Bh6 16. Bxh6 Rxh6 17. Qf4 Nd7 18. g4 Nde5 19. gxh5 Rxh5 20. Qf6 Rh6 21.
f4 Nd7 22. Qxe6+ Kf8 23. Rxg6 Nc5 24. Qf6 Rxg6 25. Qxg6 Ke7 26. Nd5+ Kf8 27.
Rg1 {abb.} 1-0

[Event "VII Weekend A"]
[Site "Chioggia"]
[Date "2012.10.14"]
[Round "4"]
[White "Boscolo, Max"]
[Black "Boscolo, Federico"]
[Result "0-1"]
[WhiteElo "1982"]
[BlackElo "2320"]
[PlyCount "34"]
[EventDate "2012.10.12"]
[EventType "swiss"]
[EventRounds "5"]
[EventCountry "ITA"]
[SourceDate "2005.09.12"]

1. Nf3 g6 2. g3 Bg7 3. d4 Nf6 4. Bg2 O-O 5. O-O d6 6. c4 Nc6 7. Nc3 Rb8 8. e4
Bg4 9. h3 Bxf3 10. Bxf3 e5 11. d5 Nd4 12. Bg2 c5 13. dxc6 bxc6 14. b3 Nd7 15.
Be3 Nc5 16. f4 Qa5 17. Qd2 Qxc3 0-1

[Event "VII Weekend A"]
[Site "Chioggia"]
[Date "2012.10.14"]
[Round "4"]
[White "Cacco, Christian"]
[Black "Basso, Pier Luigi"]
[Result "1-0"]
[WhiteElo "2302"]
[BlackElo "2105"]
[PlyCount "159"]
[EventDate "2012.10.12"]
[EventType "swiss"]
[EventRounds "5"]
[EventCountry "ITA"]
[SourceDate "2005.09.12"]

1. d4 f5 2. g3 Nf6 3. Bg2 g6 4. Nf3 Bg7 5. O-O O-O 6. b3 d6 7. Bb2 c6 8. Nbd2
Qe8 9. Re1 Ne4 10. Nc4 Nd7 11. Nfd2 Ndf6 12. f3 Nxd2 13. Qxd2 b5 14. Na5 d5 15.
a4 a6 16. axb5 axb5 17. c4 bxc4 18. bxc4 Ba6 19. cxd5 cxd5 20. Nb3 Bc4 21. Nc5
Qb5 22. Ba3 Ra7 23. Rab1 Qc6 24. Bb4 Nd7 25. Qe3 Nxc5 26. Bxc5 Rb7 27. Rxb7
Qxb7 28. Kf2 Ra8 29. f4 Qd7 30. Rb1 Kf7 31. Rb2 Ra2 32. Rxa2 Bxa2 33. Qa3 Bc4
34. Qa8 Bf6 35. Bf3 Bg7 36. h3 h5 37. Qb8 Bf6 38. Qb4 Kg7 39. Ke1 Kf7 40. Kd2
Qc7 41. Bb6 Qd6 42. Qxd6 exd6 43. h4 Ke6 44. Kc3 Bb5 45. Kb4 Bc6 46. Ka5 Kd7
47. Ka6 Bg7 48. Ka7 Ke6 49. e3 Bb5 50. Kb7 Bf6 51. Kc7 Be7 52. Ba5 Bf8 53. Kb6
Ba4 54. Kc7 Bb5 55. Bd1 Be7 56. Bb3 Be8 57. Bc2 Bb5 58. Bd1 Bf6 59. Bb4 Be7 60.
Ba3 Bf8 61. Kb6 Bc4 62. Ba4 Be7 63. Kc7 Kf7 64. Kd7 Ba6 65. Bc6 Bc4 66. Bb4 Bb3
67. Ba5 Bc4 68. Bc7 Bd3 69. Bd8 Bf8 70. Bg5 Bc4 71. Kd8 Bb3 72. Be8+ Kg7 73.
Kc7 Bc4 74. Bd8 Bb3 75. Kb7 Bc4 76. Ba5 Kf6 77. Kc7 Bb3 78. Bb4 Ke6 79. Bxg6
Bd1 80. Bh7 1-0

[Event "VII Weekend A"]
[Site "Chioggia"]
[Date "2012.10.14"]
[Round "4"]
[White "Cardarelli, Angelo"]
[Black "Ballarin, Gabriele"]
[Result "0-1"]
[WhiteElo "1965"]
[BlackElo "1877"]
[PlyCount "165"]
[EventDate "2012.10.12"]
[EventType "swiss"]
[EventRounds "5"]
[EventCountry "ITA"]
[SourceDate "2005.09.12"]

1. e4 d6 2. d4 Nf6 3. Nc3 e5 4. Nf3 Nbd7 5. Bd3 Be7 6. h3 c6 7. Be3 b5 8. a3 a6
9. Ne2 c5 10. c3 Bb7 11. Ng3 Qc7 12. O-O c4 13. Bc2 O-O 14. Re1 Rfe8 15. Re2
Bf8 16. Bg5 h6 17. Bd2 g6 18. Qe1 Bg7 19. Rd1 Nf8 20. Nf1 Ne6 21. g3 Rad8 22.
Bc1 Bc8 23. N1h2 Kh7 24. Ng4 Ng8 25. Red2 h5 26. Ngh2 f6 27. Kg2 Bh6 28. Re2
Bxc1 29. Rxc1 Nh6 30. d5 Nc5 31. Qd2 Kg7 32. Rce1 Bb7 33. Ng1 Bc8 34. f3 Rh8
35. Rf1 Nf7 36. Ref2 Rdf8 37. Qc1 Nh6 38. Qe1 Qd7 39. f4 Nf7 40. Nhf3 Qe7 41.
fxe5 fxe5 42. Qe3 Nh6 43. Ng5 Rxf2+ 44. Rxf2 Rf8 45. Rxf8 Qxf8 46. N1f3 Qf6 47.
Bb1 Nf7 48. Nxf7 Qxf7 49. Ng5 Qf6 50. Bc2 Bd7 51. Nf3 a5 52. Nd2 h4 53. g4 Qf4
54. Qxf4 exf4 55. Nf3 Kf6 56. e5+ Kf7 57. Nxh4 b4 58. axb4 axb4 59. Nf3 b3 60.
Bb1 Na4 61. Nd2 Nxb2 62. h4 Bxg4 63. Kf1 Ke7 64. Ke1 Bh5 65. Nf1 Na4 66. Kd2
Nc5 67. Nh2 Kf7 68. Ke1 Nd7 69. Nf1 Nxe5 70. Kf2 Bd1 71. Nd2 Bc2 72. Ke2 f3+
73. Kf2 Bd1 74. Ke1 Be2 75. Nf1 Nd3+ 76. Bxd3 Bxd3 77. Nd2 b2 78. Kf2 Be4 79.
Ke3 Bxd5 80. Nb1 Be4 81. Nd2 b1=Q 82. Nxb1 Bxb1 83. Kxf3 0-1

[Event "VII Weekend A"]
[Site "Chioggia"]
[Date "2012.10.14"]
[Round "4"]
[White "Ceschia, Ivano"]
[Black "Buriani, Andrea"]
[Result "1-0"]
[WhiteElo "2282"]
[BlackElo "2083"]
[PlyCount "123"]
[EventDate "2012.10.12"]
[EventType "swiss"]
[EventRounds "5"]
[EventCountry "ITA"]
[SourceDate "2005.09.12"]

1. e4 e5 2. Nf3 Nc6 3. d4 exd4 4. Nxd4 Bc5 5. Nb3 Bb6 6. Nc3 Qf6 7. Be3 Bxe3 8.
fxe3 Nge7 9. Qf3 Qxf3 10. gxf3 a6 11. Nd4 d6 12. O-O-O O-O 13. Nxc6 bxc6 14. f4
a5 15. Bc4 Be6 16. Bxe6 fxe6 17. Ne2 Rab8 18. Nd4 Rf6 19. Rd3 c5 20. Rb3 Rxb3
21. Nxb3 Nc6 22. Rg1 Rh6 23. Rg2 Rh3 24. Kd2 Kf7 25. a3 g6 26. Ke2 a4 27. Nd2
e5 28. Nf3 h6 29. fxe5 Nxe5 30. Nxe5+ dxe5 31. b3 axb3 32. cxb3 g5 33. a4 Ke7
34. Rf2 Kd7 35. Kd3 Kc6 36. Kc4 Kb6 37. a5+ Kxa5 38. Kxc5 Ka6 39. Re2 g4 40.
Kd5 Rh5 41. Rg2 Rg5 42. Rg3 Kb5 43. h3 gxh3 44. Rxh3 Kb4 45. Rxh6 Kxb3 46. Rc6
Rg7 47. Kxe5 Kb4 48. Kf6 Rh7 49. Rc1 c5 50. e5 Kb5 51. e6 Rh6+ 52. Ke7 Kc6 53.
Rf1 c4 54. e4 Rh4 55. Rc1 Rh7+ 56. Kf6 Rh6+ 57. Kf7 Rh7+ 58. Kg6 Rb7 59. Kf6
Rh7 60. e7 Rh8 61. Kg7 Rb8 62. Kf7 1-0

[Event "VII Weekend A"]
[Site "Chioggia"]
[Date "2012.10.14"]
[Round "4"]
[White "Del Monaco, Andrea"]
[Black "Zamengo, Fulvio"]
[Result "1-0"]
[WhiteElo "2275"]
[BlackElo "2058"]
[PlyCount "53"]
[EventDate "2012.10.12"]
[EventType "swiss"]
[EventRounds "5"]
[EventCountry "ITA"]
[SourceDate "2005.09.12"]

1. d4 Nf6 2. c4 c5 3. d5 b5 4. cxb5 a6 5. bxa6 g6 6. Nc3 Bxa6 7. e4 Bxf1 8.
Kxf1 d6 9. g3 Bg7 10. Kg2 Nbd7 11. Nf3 O-O 12. a4 Qb6 13. Qe2 Qa6 14. Nb5 Nb6
15. Ra3 Rfc8 16. Bd2 c4 17. Nfd4 Nfd7 18. a5 Bxd4 19. Nxd4 c3 20. Qxa6 Rxa6 21.
Rxc3 Rxc3 22. Bxc3 Na4 23. Ra1 Nxc3 24. bxc3 Nc5 25. f3 Kg7 26. Nc6 Kf6 27. Rb1
1-0

[Event "VII Weekend A"]
[Site "Chioggia"]
[Date "2012.10.14"]
[Round "4"]
[White "Desideri, Alessandro"]
[Black "Novelli, Cristiano"]
[Result "0-1"]
[WhiteElo "1800"]
[BlackElo "2025"]
[PlyCount "104"]
[EventDate "2012.10.12"]
[EventType "swiss"]
[EventRounds "5"]
[EventCountry "ITA"]
[SourceDate "2005.09.12"]

1. e4 c5 2. Nf3 d6 3. d3 Nc6 4. Nbd2 g6 5. g3 Bg7 6. Bg2 Bd7 7. O-O Nf6 8. Re1
e5 9. Nc4 Bg4 10. h3 Bxf3 11. Bxf3 b5 12. Ne3 O-O 13. c3 Qd7 14. Kg2 Ne7 15.
Ng4 Kh8 16. Be3 Nfg8 17. h4 Rae8 18. a4 a6 19. h5 f5 20. hxg6 Nxg6 21. exf5
Rxf5 22. Be4 Rh5 23. Rh1 Rxh1 24. Kxh1 Nf6 25. Nxf6 Bxf6 26. Qh5 Rg8 27. Bd5
Rb8 28. Kg2 Qg7 29. Kh2 b4 30. Qh6 Qe7 31. Be4 bxc3 32. bxc3 Qg7 33. Qh5 Ne7
34. Qh3 d5 35. Bg2 e4 36. Bf4 Rb2 37. dxe4 dxe4 38. Rd1 Rxf2 39. Rd8+ Ng8 40.
Rd7 Qg6 41. Be3 Re2 42. Bxc5 Bxc3 43. Rd6 Qg5 44. Rd7 Nh6 45. Rc7 Ng4+ 46. Kg1
Qf5 47. Rxh7+ Qxh7 48. Qxg4 Re1+ 49. Bf1 Qf7 50. Qc8+ Kg7 51. Qxa6 e3 52. Qd3
Qf2+ 0-1

[Event "VII Weekend A"]
[Site "Chioggia"]
[Date "2012.10.14"]
[Round "4"]
[White "Dragojlovic, Andjelko"]
[Black "Sanchez, Joseph"]
[Result "0-1"]
[WhiteElo "2350"]
[BlackElo "2544"]
[PlyCount "32"]
[EventDate "2012.10.12"]
[EventType "swiss"]
[EventRounds "5"]
[EventCountry "ITA"]
[SourceDate "2005.09.12"]

1. g3 d5 2. Bg2 c6 3. Nf3 Bg4 4. b3 Nd7 5. Bb2 Ngf6 6. O-O e6 7. d3 Bc5 8. Nbd2
O-O 9. e4 a5 10. a3 b5 11. h3 Bh5 12. g4 Bg6 13. Nh4 dxe4 14. Nxg6 hxg6 15. d4
Ba7 16. Nxe4 Nd5 {<n.u.r.; 50N>} 0-1

[Event "VII Weekend A"]
[Site "Chioggia"]
[Date "2012.10.14"]
[Round "4"]
[White "Gallo, Enrico"]
[Black "Bellemo, Davide"]
[Result "1-0"]
[WhiteElo "2099"]
[BlackElo "2125"]
[PlyCount "73"]
[EventDate "2012.10.12"]
[EventType "swiss"]
[EventRounds "5"]
[EventCountry "ITA"]
[SourceDate "2005.09.12"]

1. e4 e5 2. Nf3 Nc6 3. Bb5 a6 4. Ba4 Nf6 5. O-O Be7 6. Re1 b5 7. Bb3 d6 8. c3
O-O 9. h3 Na5 10. Bc2 c5 11. d3 Qc7 12. Nbd2 Bd7 13. Nf1 Rfe8 14. Bg5 Rab8 15.
Rc1 b4 16. Ne3 bxc3 17. bxc3 Rb2 18. d4 Rxa2 19. Bxf6 Bxf6 20. Nd5 Qc6 21.
Nxf6+ gxf6 22. d5 Qc8 23. Nh2 Kf8 24. Qh5 Ke7 25. Bd1 Rg8 26. Bg4 Nb3 27. Rcd1
Rg5 28. Qxh7 Qg8 29. Qh4 Kd8 30. c4 a5 31. Rd3 a4 32. Rg3 Rb2 33. Bxd7 Kxd7 34.
Ng4 Rxg4 35. Rxg4 Qd8 36. Qh7 Ke7 37. Rg8 1-0

[Event "VII Weekend A"]
[Site "Chioggia"]
[Date "2012.10.14"]
[Round "4"]
[White "Gastiaburo, Hernan"]
[Black "Lodici, Lorenzo"]
[Result "1-0"]
[WhiteElo "2242"]
[BlackElo "1870"]
[PlyCount "85"]
[EventDate "2012.10.12"]
[EventType "swiss"]
[EventRounds "5"]
[EventCountry "ITA"]
[SourceDate "2005.09.12"]

1. c4 e5 2. Nc3 Bb4 3. g3 Bxc3 4. dxc3 Nf6 5. Bg2 O-O 6. Nf3 Qe7 7. O-O Nc6 8.
Ne1 d6 9. Nc2 h6 10. Ne3 Nd7 11. Nd5 Qd8 12. e4 Nb6 13. b3 f5 14. exf5 Bxf5 15.
Be3 Nxd5 16. Qxd5+ Kh8 17. c5 Qd7 18. cxd6 cxd6 19. Rfd1 Rfd8 20. c4 Be6 21.
Qd2 Qf7 22. Bd5 Bxd5 23. Qxd5 Kg8 24. Qe4 Rac8 25. Rd2 Rc7 26. Rad1 Rcd7 27. a3
Na5 28. Rd3 b6 29. f4 Qe6 30. a4 Qf7 31. Kg2 exf4 32. Bxf4 Nb7 33. Rd5 Re7 34.
Qf3 Qe6 35. R1d2 Qg6 36. b4 Red7 37. Re2 Re8 38. Red2 Red8 39. h4 Rc8 40. h5
Qb1 41. Qe2 Rcd8 42. c5 bxc5 43. bxc5 1-0

[Event "VII Weekend A"]
[Site "Chioggia"]
[Date "2012.10.14"]
[Round "4"]
[White "Knottner, Klaus"]
[Black "Losso, Agostino"]
[Result "0-1"]
[WhiteElo "1907"]
[BlackElo "1751"]
[PlyCount "60"]
[EventDate "2012.10.12"]
[EventType "swiss"]
[EventRounds "5"]
[EventCountry "ITA"]
[SourceDate "2005.09.12"]

1. e4 c5 2. Nf3 g6 3. d4 cxd4 4. Qxd4 Nf6 5. e5 Nc6 6. Qa4 Nd5 7. Qb3 Nb6 8.
Bf4 Bg7 9. Qe3 Nd5 10. Qd2 Nxf4 11. Qxf4 Qa5+ 12. Nc3 Nxe5 13. Nd4 Nc6 14. Ndb5
d6 15. Bc4 O-O 16. O-O-O a6 17. Nd4 Nxd4 18. Rxd4 Bxd4 19. Qxd4 Qg5+ 20. f4
Qxg2 21. Rg1 Qxh2 22. Nd5 Qh4 23. Qc3 Bd7 24. Rg5 Rae8 25. Qe3 Be6 26. f5 Qxc4
27. fxg6 Qf1+ 28. Kd2 hxg6 29. Nf4 Bf5 30. Rxf5 e5 {tempo} 0-1

[Event "VII Weekend A"]
[Site "Chioggia"]
[Date "2012.10.14"]
[Round "4"]
[White "Marchioli, Roberto"]
[Black "Caldara, Sisto"]
[Result "1-0"]
[WhiteElo "1894"]
[BlackElo "1821"]
[PlyCount "49"]
[EventDate "2012.10.12"]
[EventType "swiss"]
[EventRounds "5"]
[EventCountry "ITA"]
[SourceDate "2005.09.12"]

1. e4 c5 2. Nf3 e6 3. d4 cxd4 4. Nxd4 a6 5. Bd3 Bc5 6. Nb3 Ba7 7. O-O Qc7 8.
Qg4 Kf8 9. Bf4 e5 10. Bg5 Nc6 11. Nc3 Nge7 12. Qg3 f6 13. Be3 b5 14. Bxa7 Qxa7
15. Kh1 Nb4 16. Rad1 d6 17. f4 Qc7 18. a3 Nxd3 19. Qxd3 Be6 20. Qxd6 Qxd6 21.
Rxd6 Bc4 22. Rfd1 Kf7 23. fxe5 fxe5 24. Na5 Be6 25. Rf1+ 1-0

[Event "VII Weekend A"]
[Site "Chioggia"]
[Date "2012.10.14"]
[Round "4"]
[White "Milazzo, Mario"]
[Black "Xia, Jie"]
[Result "0-1"]
[WhiteElo "2075"]
[BlackElo "2243"]
[PlyCount "70"]
[EventDate "2012.10.12"]
[EventType "swiss"]
[EventRounds "5"]
[EventCountry "ITA"]
[SourceDate "2005.09.12"]

1. c4 Nf6 2. Nc3 g6 3. g3 Bg7 4. Bg2 O-O 5. e4 d6 6. Nge2 c5 7. O-O Nc6 8. d3
a6 9. h3 Ne8 10. f4 e6 11. Be3 Nd4 12. Bf2 Rb8 13. Nxd4 cxd4 14. Ne2 e5 15. Qc2
Bd7 16. Rac1 Rc8 17. Qb3 Nc7 18. c5 Bc6 19. cxd6 Qxd6 20. Qb6 Rfd8 21. Be1 Ne6
22. Bb4 Qd7 23. Qa5 Bb5 24. Qa3 Rxc1 25. Rxc1 Bh6 26. Bf3 exf4 27. Ba5 Rc8 28.
Rxc8+ Qxc8 29. Bg4 fxg3 30. Qd6 Be3+ 31. Kg2 Bxd3 32. Nxd4 Bxd4 33. Bxe6 Qc2+
34. Kxg3 Qf2+ 35. Kg4 Be2+ 0-1

[Event "VII Weekend A"]
[Site "Chioggia"]
[Date "2012.10.14"]
[Round "4"]
[White "Negro, Roberto"]
[Black "Boscolo, Marco"]
[Result "1-0"]
[WhiteElo "2106"]
[BlackElo "2150"]
[PlyCount "89"]
[EventDate "2012.10.12"]
[EventType "swiss"]
[EventRounds "5"]
[EventCountry "ITA"]
[SourceDate "2005.09.12"]

1. d4 Nf6 2. c4 e6 3. Nc3 Bb4 4. a3 Bxc3+ 5. bxc3 c5 6. e3 O-O 7. Bd3 d5 8.
cxd5 exd5 9. f3 Re8 10. Ne2 b6 11. O-O Ba6 12. Ng3 Bxd3 13. Qxd3 Nc6 14. Ra2
Qd7 15. Re2 Rad8 16. Rd1 Qc7 17. Bb2 Na5 18. e4 cxd4 19. cxd4 Qc4 20. Qb1 Qb5
21. e5 Nh5 22. Rf2 Nxg3 23. hxg3 Nc4 24. Qd3 Qa4 25. Bc1 Na5 26. f4 Qb3 27. Qe2
f6 28. Rd3 Qc4 29. Be3 fxe5 30. fxe5 Qc6 31. Bg5 Rd7 32. Rdf3 h6 33. Bd2 Nc4
34. Bb4 Kh7 35. Rf8 Rdd8 36. R8f7 Qg6 37. Bf8 Rxf8 38. Rxf8 Rd7 39. Qf3 a5 40.
Rc8 Re7 41. Qxd5 Qb1+ 42. Kh2 Ne3 43. Qf3 Qd3 44. Re2 Qa6 45. Ra8 1-0

[Event "VII Weekend A"]
[Site "Chioggia"]
[Date "2012.10.14"]
[Round "4"]
[White "Omeri, Silvan"]
[Black "Litrico, Paolo"]
[Result "1-0"]
[WhiteElo "2203"]
[BlackElo "1981"]
[PlyCount "105"]
[EventDate "2012.10.12"]
[EventType "swiss"]
[EventRounds "5"]
[EventCountry "ITA"]
[SourceDate "2005.09.12"]

1. e4 e5 2. Nf3 Nc6 3. Bb5 a6 4. Ba4 Nf6 5. O-O Nxe4 6. d4 b5 7. Bb3 d5 8. dxe5
Be6 9. a4 b4 10. a5 Bc5 11. Ba4 Qd7 12. Nbd2 O-O 13. Nb3 Bg4 14. Qd3 Qe6 15.
Bxc6 Qxc6 16. Nfd4 Qg6 17. Nxc5 Nxc5 18. Qxg6 hxg6 19. Nc6 Rfe8 20. Be3 Nd7 21.
Bf4 Bf5 22. Nxb4 d4 23. Nc6 Bxc2 24. Nxd4 Bf5 25. Nxf5 gxf5 26. Rfe1 Rab8 27.
e6 fxe6 28. Bxc7 Rxb2 29. Rad1 Nc5 30. f3 Rc8 31. Bb6 Rc6 32. Rc1 Nd3 33. Rxc6
Nxe1 34. Rxe6 Nd3 35. g3 f4 36. Re4 fxg3 37. hxg3 Rb1+ 38. Kh2 Rb2+ 39. Kh3
Nf2+ 40. Bxf2 Rxf2 41. Kg4 Ra2 42. Re5 Kf7 43. Kg5 g6 44. g4 Ra1 45. Rc5 Ra2
46. f4 Ra4 47. Rc7+ Ke8 48. Rc6 Rxa5+ 49. Kxg6 Ra1 50. f5 a5 51. f6 Rg1 52. g5
Kd7 53. Ra6 1-0

[Event "VII Weekend A"]
[Site "Chioggia"]
[Date "2012.10.14"]
[Round "4"]
[White "Pomaro, Alberto"]
[Black "Aprile, Martino"]
[Result "1-0"]
[WhiteElo "2407"]
[BlackElo "1920"]
[PlyCount "53"]
[EventDate "2012.10.12"]
[EventType "swiss"]
[EventRounds "5"]
[EventCountry "ITA"]
[SourceDate "2005.09.12"]

1. e4 c5 2. Nf3 Nc6 3. d4 cxd4 4. Nxd4 Nf6 5. Nc3 e5 6. Ndb5 d6 7. Nd5 Nxd5 8.
exd5 Nb8 9. c4 Nd7 10. Be3 Be7 11. c5 Nxc5 12. Bxc5 dxc5 13. d6 Qa5+ 14. Nc3
Bf6 15. Bb5+ Bd7 16. Bxd7+ Kxd7 17. Qg4+ Kd8 18. O-O-O Rb8 19. Kb1 Re8 20. Ne4
Qb5 21. d7 Rf8 22. Rd5 h5 23. Qf5 Be7 24. Qxe5 Ra8 25. Re1 f6 26. Qxe7+ Kxe7
27. Nc3+ 1-0

[Event "VII Weekend A"]
[Site "Chioggia"]
[Date "2012.10.14"]
[Round "4"]
[White "Rossi, Gianni"]
[Black "Resch, Aaron"]
[Result "1/2-1/2"]
[WhiteElo "1862"]
[BlackElo "1666"]
[PlyCount "51"]
[EventDate "2012.10.12"]
[EventType "swiss"]
[EventRounds "5"]
[EventCountry "ITA"]
[SourceDate "2005.09.12"]

1. d4 b6 2. e3 Bb7 3. Nd2 g6 4. Ngf3 Bg7 5. Bd3 Nf6 6. O-O e6 7. b3 c5 8. Bb2
Nc6 9. dxc5 bxc5 10. Ne4 Qe7 11. Nxf6+ Bxf6 12. Bxf6 Qxf6 13. Bb5 a6 14. Bxc6
Bxc6 15. Qd6 Bxf3 16. gxf3 Qxf3 17. Rfd1 Qc6 18. Qe5 O-O 19. Rd6 Qf3 20. Rxd7
Rad8 21. Rad1 Qxd1+ 22. Rxd1 Rxd1+ 23. Kg2 Rd5 24. Qc7 Rfd8 25. Qc6 Rf5 26. e4
1/2-1/2

[Event "VII Weekend A"]
[Site "Chioggia"]
[Date "2012.10.14"]
[Round "4"]
[White "Santolini, Luigi"]
[Black "Bacchini, Stefano"]
[Result "1/2-1/2"]
[WhiteElo "2157"]
[BlackElo "1958"]
[PlyCount "45"]
[EventDate "2012.10.12"]
[EventType "swiss"]
[EventRounds "5"]
[EventCountry "ITA"]
[SourceDate "2005.09.12"]

1. e4 Nf6 2. e5 Nd5 3. d4 d6 4. Nf3 dxe5 5. Nxe5 c6 6. c4 Nb6 7. Nc3 N8d7 8.
Nxd7 Bxd7 9. c5 Nd5 10. Nxd5 cxd5 11. Bf4 g6 12. Qd2 Bg7 13. Be2 O-O 14. O-O
Re8 15. Rfe1 b6 16. Ba6 Bc6 17. b4 Qd7 18. Rab1 Bb5 19. Bxb5 Qxb5 20. Be5 f6
21. Bg3 Rac8 22. Rb3 Qd7 23. Rbe3 1/2-1/2

[Event "VII Weekend A"]
[Site "Chioggia"]
[Date "2012.10.14"]
[Round "4"]
[White "Vianello, Enrico"]
[Black "Guerra, Alessandro"]
[Result "0-1"]
[WhiteElo "2143"]
[BlackElo "2199"]
[PlyCount "104"]
[EventDate "2012.10.12"]
[EventType "swiss"]
[EventRounds "5"]
[EventCountry "ITA"]
[SourceDate "2005.09.12"]

1. Nf3 Nf6 2. c4 c5 3. Nc3 Nc6 4. g3 e5 5. d3 h6 6. Bg2 Be7 7. O-O O-O 8. Ne1
d6 9. Nc2 Bd7 10. a3 Qc8 11. Re1 Bh3 12. Bh1 Rb8 13. b4 Re8 14. Rb1 Bf8 15. Ne3
cxb4 16. axb4 Nd4 17. Bb2 Ne6 18. Qa4 a6 19. Rec1 Ng5 20. Ncd5 Ng4 21. c5 dxc5
22. bxc5 Nxe3 23. Nxe3 Bxc5 24. Ba3 b6 25. Nd5 Bd7 26. Qd1 Bb5 27. Bxc5 bxc5
28. Qc2 Ne6 29. Nc3 Qd7 30. Qa2 Rec8 31. Bd5 Rb6 32. Na4 Rd6 33. Nc3 Bc6 34.
Bc4 Ng5 35. f3 h5 36. Qd2 Rg6 37. Qe3 h4 38. g4 Qd4 39. Qxd4 exd4 40. Nd5 Kf8
41. Nf4 Rf6 42. Nh5 Rd6 43. Bxa6 Re8 44. Kh1 Bxf3+ 45. exf3 Rxa6 46. f4 Nf3 47.
Rb2 Ra3 48. Rd1 c4 49. dxc4 d3 50. Rf2 d2 51. Kg2 h3+ 52. Kxh3 Re1 0-1